[Event "Africa-ch U2000"]
[Site "Mombasa"]
[Date "2022.11.27"]
[Round "1"]
[White "Elrashed, Siddig"]
[Black "Mwangi, Brian Gabriel"]
[Result "1-0"]
[WhiteElo "1913"]
[BlackElo "1760"]
[PlyCount "40"]
[EventDate "2022.11.27"]
[EventType "swiss"]
[EventRounds "9"]
[EventCountry "KEN"]
[SourceTitle "EXT 2024"]
[Source "ChessBase"]
[SourceDate "2023.10.10"]
[SourceVersion "1"]
[SourceVersionDate "2023.10.10"]
[SourceQuality "1"]

1. Nf3 d5 2. d4 Nf6 3. Bf4 e6 4. e3 Bd6 5. Bg5 Nbd7 6. Bd3 c5 7. c3 Qc7 8. Nbd2 0-0 9. Rc1 h6 10. Bh4 b6 11. 0-0 Bb7 12. c4 Rac8 13. cxd5 exd5 14. dxc5 bxc5 15. Bf5 Ba6 16. Re1 c4 17. Rc2 Bb4 18. Rf1 g6 19. a3 Ba5 20. Bxd7 Nxd7 1-0